| 000 | 00464nam a2200169 4500 | ||
|---|---|---|---|
| 001 | 112860 | ||
| 003 | ES-MaACL | ||
| 005 | 20230906185654.0 | ||
| 007 | t| | ||
| 008 | 061121s1943 sp r ||||1| spa d | ||
| 100 | 1 |
_aMurray, Gilbert. _984636 |
|
| 245 | 1 | 0 |
_aEsquilo, el creador de la tragedia / _cGilbert Murray. |
| 260 |
_aMadrid : _bEspasa-Calpe, _c1943. |
||
| 300 |
_a248 p. ; _c25 cm. |
||
| 600 | 0 | 4 |
_aEsquilo. _947970 |
| 852 |
_aES-MaACL _jF-15886 _bR.20573 |
||
| 999 |
_c112860 _d112860 |
||